Regiony graniczące z państwami nordyckimi - Statystyki

Ogólne statystyki
  • Ten quiz został rozwiązany 3 razy
  • Średni wynik to 2 z 5
Statystyki odpowiedzi
Państwo Region % Poprawnych
Rosja Karelia
100%
Rosja leningradzki
33%
Rosja murmański
33%
Niemcy Szlezwik-Holsztyn
33%
Kanada Nunavut
0%
Nie znaleziono quizów pasujących do podanych kryteriów
Rozkład punktacji
Procent ludzi z każdym wynikiem
Percentyl według liczby udzielonych odpowiedzi
Twoja historia wyników
Nie rozwiązałeś tego quizu